[Event "Kemerovo Chess School-ch"]
[Site "Kemerovo"]
[Date "2013.03.17"]
[Round "7"]
[White "Feofanov, Andrei"]
[Black "Pjatelin, Dmitrij"]
[Result "1-0"]
[WhiteElo "2010"]
[BlackElo "2070"]
[PlyCount "99"]
[EventDate "2013.02.24"]
[EventType "swiss"]
[EventRounds "9"]
[EventCountry "RUS"]
[SourceTitle "EXT 2014"]
[Source "ChessBase"]
[SourceDate "2013.11.20"]
[SourceVersion "1"]
[SourceVersionDate "2013.11.20"]
[SourceQuality "1"]

1. Nf3 c5 2. c4 Nf6 3. Nc3 b6 4. e4 d6 5. Bd3 g6 6. 0-0 Bg7 7. Qe2 0-0 8. e5 Ne8 9. Be4 Nc7 10. Bxa8 Nxa8 11. exd6 Qxd6 12. d3 Nc7 13. Ne4 Qd7 14. Bf4 Nc6 15. Bxc7 Qxc7 16. h3 Bb7 17. Rab1 Rd8 18. a3 Qf4 19. b4 Nd4 20. Nxd4 Bxd4 21. bxc5 Bxe4 22. Qxe4 Qxe4 23. dxe4 Bxc5 24. Rfd1 Rc8 25. a4 Kg7 26. Kf1 a5 27. Ke2 Kf6 28. f3 Rc6 29. Rd5 e6 30. Rd7 g5 31. Kd3 e5 32. Kc3 Ke6 33. Rd8 Ke7 34. Rd5 Bd6 35. Rbd1 Ke6 36. Kb3 h6 37. g4 Ke7 38. h4 Ke6 39. hxg5 hxg5 40. Rh1 Bc5 41. Rh6+ f6 42. f4 exf4 43. Rxg5 Bd4 44. Rf5 Rc5 45. Rhh5 Rc8 46. g5 Rg8 47. gxf6 Rg3+ 48. Kc2 Rg2+ 49. Kd3 Bxf6 50. Rh6 1-0

[Event "Kemerovo Chess School-ch"]
[Site "Kemerovo"]
[Date "2013.03.03"]
[Round "3"]
[White "Pjatelin, Dmitrij"]
[Black "Gerentsev, Viktor"]
[Result "1/2-1/2"]
[WhiteElo "2070"]
[BlackElo "2104"]
[PlyCount "137"]
[EventDate "2013.02.24"]
[EventType "swiss"]
[EventRounds "9"]
[EventCountry "RUS"]
[SourceTitle "EXT 2014"]
[Source "ChessBase"]
[SourceDate "2013.11.20"]
[SourceVersion "1"]
[SourceVersionDate "2013.11.20"]
[SourceQuality "1"]

1. d4 d5 2. c4 Nf6 3. Nf3 c6 4. e3 Bg4 5. Qb3 Qc7 6. Ne5 Be6 7. Nc3 dxc4 8. Bxc4 Bxc4 9. Qxc4 e6 10. 0-0 Nbd7 11. Nxd7 Nxd7 12. e4 Be7 13. d5 Nb6 14. Qb3 exd5 15. exd5 0-0 16. dxc6 bxc6 17. Be3 Rab8 18. Rac1 Qe5 19. Bxb6 Rxb6 20. Qc2 Bd6 21. g3 f5 22. Rfe1 Qf6 23. f3 Rfb8 24. b3 Bb4 25. Re2 c5 26. Kg2 Rd6 27. Nb5 Rd7 28. Qc4+ Qf7 29. Qxf7+ Kxf7 30. Nc3 Rd3 31. Na4 Rd5 32. h3 g5 33. g4 Kf6 34. gxf5 Kxf5 35. Nc3 Bxc3 36. Rxc3 h5 37. Rec2 Rb5 38. a4 Ra5 39. Rc4 Re5 40. Kf2 Rd5 41. Ke3 Ke6 42. h4 Re5+ 43. Kf2 gxh4 44. Rxh4 Ra6 45. Rhc4 Kd6 46. R2c3 Rb6 47. Kg3 Rb8 48. f4 Rg8+ 49. Kf3 Rd5 50. Re3 Rg4 51. Rce4 Rd4 52. Rxd4+ cxd4 53. Re5 Rg1 54. Rxh5 Re1 55. Kf2 Re4 56. Kf3 Re3+ 57. Kf2 Rxb3 58. Ra5 Ke6 59. Ke2 Re3+ 60. Kd2 Ra3 61. Kc2 Rc3+ 62. Kb2 Rf3 63. Kc2 Rxf4 64. Kd3 Kd6 65. Rxa7 Kc5 66. Rc7+ Kb4 67. Rc4+ Ka5 68. Rxd4 Rxd4+ 69. Kxd4 1/2-1/2

[Event "Kemerovo-ch op"]
[Site "Kemerovo"]
[Date "2012.03.15"]
[Round "5"]
[White "Pjatelin, Dmitrij"]
[Black "Zenkov, Gennadiy"]
[Result "1/2-1/2"]
[WhiteElo "2097"]
[BlackElo "2037"]
[PlyCount "57"]
[EventDate "2012.03.04"]
[EventType "swiss"]
[EventRounds "9"]
[EventCountry "RUS"]
[SourceTitle "EXT 2014"]
[Source "ChessBase"]
[SourceDate "2013.11.20"]
[SourceVersion "1"]
[SourceVersionDate "2013.11.20"]
[SourceQuality "1"]

1. Nf3 d5 2. d4 Nc6 3. Bf4 Bg4 4. c4 e6 5. Nc3 Nf6 6. Ne5 Nxe5 7. dxe5 Ne4 8. Nxe4 dxe4 9. Qb3 Qc8 10. h3 Bf5 11. g4 Bg6 12. Bg2 b6 13. 0-0 h5 14. Bg3 hxg4 15. hxg4 Be7 16. f4 Bc5+ 17. e3 0-0 18. a3 Rd8 19. Rad1 Rxd1 20. Rxd1 Qe8 21. Bh4 Be7 22. Bxe7 Qxe7 23. Rd4 Rd8 24. Qd1 Rxd4 25. Qxd4 Qh4 26. Qd1 Qg3 27. Qe2 f6 28. exf6 gxf6 29. Kf1 1/2-1/2

[Event "Kemerovo-ch op"]
[Site "Kemerovo"]
[Date "2012.03.12"]
[Round "4"]
[White "Pjatelin, Dmitrij"]
[Black "Riabov, Aleksandr"]
[Result "1-0"]
[WhiteElo "2097"]
[BlackElo "1932"]
[PlyCount "125"]
[EventDate "2012.03.04"]
[EventType "swiss"]
[EventRounds "9"]
[EventCountry "RUS"]
[SourceTitle "EXT 2014"]
[Source "ChessBase"]
[SourceDate "2013.11.20"]
[SourceVersion "1"]
[SourceVersionDate "2013.11.20"]
[SourceQuality "1"]

1. d4 Nf6 2. Nf3 e6 3. e3 b6 4. Bd3 Bb7 5. b3 Be7 6. 0-0 0-0 7. Bb2 d5 8. Nbd2 Nbd7 9. Ne5 c5 10. Qe2 Rc8 11. f4 g6 12. Rac1 Ne4 13. Nxd7 Qxd7 14. Bxe4 dxe4 15. Rfd1 Qc6 16. c4 f5 17. Nb1 Rcd8 18. Rd2 cxd4 19. Bxd4 Kf7 20. Rcd1 Qc8 21. Nc3 Bc5 22. Bxc5 Rxd2 23. Rxd2 bxc5 24. Nb5 Qb8 25. Rd7+ Kg8 26. Qd2 Bc6 27. Rd6 Bxb5 28. cxb5 Qxb5 29. Rxe6 Qb4 30. Rd6 Qxd2 31. Rxd2 Rf7 32. Kf2 Rc7 33. Ke2 Kf7 34. Kd1 Ke6 35. Kc2 a6 36. Kc3 Rb7 37. Kc4 Rc7 38. Rd5 Rc6 39. Rxc5 Rd6 40. Re5+ Kf7 41. Rd5 Rc6+ 42. Rc5 Rd6 43. Rc7+ Ke6 44. Rxh7 Rd2 45. a4 Rxg2 46. Ra7 Rxh2 47. Rxa6+ Kf7 48. Kd5 Rh3 49. Kd4 Rh1 50. Ke5 Re1 51. Ra7+ Kg8 52. Kf6 Rxe3 53. Kxg6 Kf8 54. Kxf5 Re1 55. Kf6 Ke8 56. Re7+ Kd8 57. a5 e3 58. f5 e2 59. b4 Kc8 60. b5 Kb8 61. a6 Rb1 62. Rxe2 Rxb5 63. Re5 1-0

[Event "Kemerovo-ch"]
[Site "Kemerovo"]
[Date "2010.03.18"]
[Round "5"]
[White "Lukashevich, Daria"]
[Black "Pjatelin, Dmitrij"]
[Result "1-0"]
[WhiteElo "1888"]
[BlackElo "2125"]
[PlyCount "165"]
[EventDate "2010.03.15"]
[EventType "swiss"]
[EventRounds "9"]
[EventCountry "RUS"]
[SourceTitle "CBM 135 Extra"]
[Source "ChessBase"]
[SourceDate "2010.05.04"]
[SourceVersion "1"]
[SourceVersionDate "2010.05.04"]
[SourceQuality "1"]

1. Nf3 d5 2. g3 Nf6 3. Bg2 e6 4. 0-0 Bd6 5. d4 0-0 6. b3 Nbd7 7. Bb2 Ne4 8. Nbd2 f5 9. c4 c6 10. Ne1 Qg5 11. f4 Qh6 12. Nxe4 fxe4 13. Nc2 Nf6 14. Ne3 g5 15. fxg5 Qxg5 16. Bc1 Qh5 17. Rf2 Bd7 18. Qf1 Kg7 19. Bd2 Rf7 20. cxd5 cxd5 21. Bh3 Raf8 22. Qg2 Ba3 23. Raf1 Bb2 24. Bb4 Rc8 25. g4 Qg5 26. Bd2 Qg6 27. g5 Bxd4 28. gxf6+ Rxf6 29. Rxf6 Bxf6 30. Qxg6+ hxg6 31. Nxd5 exd5 32. Bxd7 Rc2 33. Rd1 d4 34. Kf1 Rxa2 35. Bb4 Rb2 36. Be6 b6 37. Bc4 Be5 38. Bd5 a5 39. Ba3 Ra2 40. Be7 e3 41. Bc4 Rd2 42. Rb1 Rc2 43. Bd3 Rc8 44. Kg2 Kh6 45. h4 Kg7 46. Kf3 Kf7 47. Ba3 Rh8 48. Rg1 Rxh4 49. Rxg6 Rf4+ 50. Kg2 Rf2+ 51. Kg1 Rxe2 52. Bxe2 Kxg6 53. Kg2 Kf5 54. Kf3 Bc7 55. Bc4 Ke5 56. Be7 Bd6 57. Bd8 Bc5 58. Bc7+ Kf5 59. Bd3+ Kf6 60. Ke4 Ke6 61. Bb5 e2 62. Bxe2 Kd7 63. Be5 Kc6 64. Bxd4 Bb4 65. Bh5 Kb7 66. Be8 Ka6 67. Bd7 Kb7 68. Kd5 Kc7 69. Bb5 Kb7 70. Be5 Bc5 71. Bd4 Bb4 72. Ke6 Be1 73. Kd7 Bg3 74. Ke6 Be1 75. Kd5 Bb4 76. Kc4 Be7 77. Be8 Bd6 78. Kb5 Bc7 79. Bc6+ Ka7 80. Be4 Bd8 81. Kc6 Ka6 82. Bd3+ Ka7 83. Bb5 1-0

[Event "Kemerovo-ch"]
[Site "Kemerovo"]
[Date "2010.03.15"]
[Round "1"]
[White "Pjatelin, Dmitrij"]
[Black "Vasiliev, Sergey"]
[Result "0-1"]
[WhiteElo "2125"]
[BlackElo "1785"]
[PlyCount "94"]
[EventDate "2010.03.15"]
[EventType "swiss"]
[EventRounds "9"]
[EventCountry "RUS"]
[SourceTitle "CBM 135 Extra"]
[Source "ChessBase"]
[SourceDate "2010.05.04"]
[SourceVersion "1"]
[SourceVersionDate "2010.05.04"]
[SourceQuality "1"]

1. d4 Nf6 2. c4 g6 3. Nc3 Bg7 4. e4 0-0 5. Nf3 d6 6. Be2 e5 7. 0-0 Nc6 8. d5 Ne7 9. b4 a5 10. Ba3 Bg4 11. bxa5 Bxf3 12. Bxf3 Rxa5 13. Bb4 Ra6 14. Be2 Ne8 15. Qc2 f5 16. f3 c5 17. dxc6 Nxc6 18. Nd5 Nxb4 19. Nxb4 Qb6+ 20. c5 Qxb4 21. Bxa6 bxa6 22. c6 Bh6 23. c7 Qb6+ 24. Kh1 Qxc7 25. Qb3+ Qf7 26. exf5 gxf5 27. Qb6 Qc4 28. Rfd1 e4 29. Qb3 Qf7 30. g3 Kh8 31. f4 Bg7 32. Rac1 Qh5 33. Rc6 Nf6 34. Rcxd6 Ng4 35. R1d2 e3 36. Rg2 Nf2+ 37. Kg1 Nh3+ 38. Kh1 e2 39. Re6 Rc8 40. Rgxe2 Bd4 41. Qb7 Rc1+ 42. Re1 Nf2+ 43. Kg2 Qh3+ 44. Kf3 Rc3+ 45. Ke2 Rc2+ 46. Kf3 Qg4+ 47. Kg2 Ne4+ 0-1

[Event "Kemerovo-ch"]
[Site "Kemerovo"]
[Date "2009.03.20"]
[Round "7"]
[White "Pjatelin, Dmitrij"]
[Black "Riabov, Aleksandr"]
[Result "1/2-1/2"]
[WhiteElo "2140"]
[BlackElo "2105"]
[PlyCount "74"]
[EventDate "2009.03.16"]
[EventType "swiss"]
[EventRounds "9"]
[EventCountry "RUS"]
[SourceTitle "EXT 2010"]
[Source "ChessBase"]
[SourceDate "2010.11.25"]
[SourceVersion "1"]
[SourceVersionDate "2010.11.25"]
[SourceQuality "1"]

1. Nf3 Nf6 2. c4 e6 3. b3 b6 4. g3 Bb7 5. Bg2 Be7 6. 0-0 0-0 7. Bb2 d6 8. Nc3 Ne4 9. Qc2 Nxc3 10. Bxc3 f5 11. d4 Bf6 12. Rad1 Be4 13. Qb2 Qe7 14. Ne1 Bxg2 15. Nxg2 Nd7 16. Qc2 g6 17. Nf4 c6 18. e4 e5 19. Ng2 exd4 20. Bxd4 fxe4 21. Rfe1 Bxd4 22. Rxd4 Nf6 23. Qd2 Rad8 24. Rd1 d5 25. cxd5 cxd5 26. Qg5 Kg7 27. Ne3 Qe6 28. Nxd5 Nxd5 29. Rxd5 Rxd5 30. Qxd5 Qf6 31. Qd4 Rf7 32. Rd2 Qxd4 33. Rxd4 Re7 34. Rd6 Kf7 35. Kf1 Rc7 36. Rd2 Ke6 37. Ke2 Ke5 1/2-1/2

[Event "Kemerovo 90 Anniv"]
[Site "Kemerovo"]
[Date "2008.04.24"]
[Round "9"]
[White "Gusev, Yurij"]
[Black "Pjatelin, Dmitrij"]
[Result "1-0"]
[WhiteElo "2074"]
[BlackElo "2136"]
[PlyCount "79"]
[EventDate "2008.04.18"]
[EventType "swiss"]
[EventRounds "9"]
[EventCountry "RUS"]
[SourceTitle "EXT 2022"]
[Source "ChessBase"]
[SourceDate "2021.10.06"]
[SourceVersion "1"]
[SourceVersionDate "2021.10.06"]
[SourceQuality "1"]

1. e4 c5 2. f4 d5 3. e5 Nc6 4. Nf3 Bf5 5. d3 e6 6. Nc3 Rb8 7. g3 Be7 8. Bg2 b5 9. 0-0 h5 10. h3 Nh6 11. Nh2 b4 12. Nb1 Qc7 13. Qxh5 Nd4 14. Qd1 c4 15. g4 Bc5 16. Rf2 Bg6 17. Be3 Bb6 18. c3 Nc6 19. Bxb6 Qxb6 20. dxc4 0-0 21. cxd5 exd5 22. Qxd5 Ne7 23. Qd4 Bxb1 24. Rxb1 bxc3 25. Qxb6 Rxb6 26. b3 a5 27. Rc1 Nc6 28. Rxc3 Nd4 29. Rd2 Rd8 30. Kf2 f6 31. Rcd3 fxe5 32. fxe5 Rf8+ 33. Kg3 Nb5 34. Rd8 Nc3 35. Rxf8+ Kxf8 36. Rc2 Nb5 37. Bd5 Nf7 38. Bxf7 Kxf7 39. Nf3 Ke6 40. Rc5 1-0

[Event "Kemerovo 90 Anniv"]
[Site "Kemerovo"]
[Date "2008.04.20"]
[Round "4"]
[White "Pjatelin, Dmitrij"]
[Black "Zimin, Ivan"]
[Result "1/2-1/2"]
[WhiteElo "2136"]
[BlackElo "2148"]
[PlyCount "171"]
[EventDate "2008.04.18"]
[EventType "swiss"]
[EventRounds "9"]
[EventCountry "RUS"]
[SourceTitle "EXT 2022"]
[Source "ChessBase"]
[SourceDate "2021.10.06"]
[SourceVersion "1"]
[SourceVersionDate "2021.10.06"]
[SourceQuality "1"]

1. d4 d6 2. Nf3 Nd7 3. c4 c6 4. g3 Qc7 5. Bg2 e5 6. Nc3 Be7 7. 0-0 h6 8. b3 Ngf6 9. e4 g5 10. Bb2 Rg8 11. Rc1 Qb8 12. b4 b6 13. dxe5 dxe5 14. Qc2 Bxb4 15. Na4 Be7 16. Rfd1 Bb7 17. Qd3 Qc7 18. Nd2 Qd6 19. Qc2 Qe6 20. Nf1 0-0-0 21. Ne3 Rge8 22. Nf5 Bf8 23. Qb3 Nb8 24. Qc3 c5 25. f3 Nc6 26. Qb3 Rxd1+ 27. Rxd1 Rd8 28. Rxd8+ Kxd8 29. Ne3 Nd4 30. Qd3 Kc7 31. Nc3 Qd7 32. Qf1 Bd6 33. Bh3 Qd8 34. Nb5+ Kb8 35. Kf2 a6 36. Nc3 h5 37. Qd3 Bc7 38. Bc1 Qg8 39. Bf5 g4 40. fxg4 hxg4 41. Qd1 Nxf5 42. exf5 Bf3 43. Qd2 Bc6 44. Ned5 Bxd5 45. cxd5 Qh7 46. Kg1 Qxf5 47. d6 Bd8 48. Qe2 Kb7 49. Qg2+ Qf3 50. Qxf3+ gxf3 51. Bg5 Nd5 52. Bxd8 Nxc3 53. Bf6 Kc6 54. Bxe5 Ne4 55. h4 f6 56. Bf4 Nxd6 57. h5 Nf7 58. h6 Kd5 59. h7 Ke4 60. Bc1 Kf5 61. Kf2 Kg6 62. Bb2 Kg7 63. Kxf3 Ng5+ 64. Kf4 Nxh7 65. Ke4 b5 66. Kd5 c4 67. a4 bxa4 68. Kxc4 Kf7 69. Kb4 f5 70. Kxa4 Nf6 71. Ka5 Ne4 72. Be5 Nc5 73. Bf4 Ke6 74. Kb6 Kd5 75. Be3 Nd3 76. Kxa6 Ke4 77. Ba7 Kf3 78. Bb8 Nc5+ 79. Kb5 Ne4 80. Kc4 Nxg3 81. Kd3 Ne4 82. Be5 Nf2+ 83. Kd2 Ke4 84. Bc7 Nd3 85. Ke2 Ne5 86. Bxe5 1/2-1/2

[Event "Kemerovo 90 Anniv"]
[Site "Kemerovo"]
[Date "2008.04.20"]
[Round "5"]
[White "Yankin, Vadim Nailievich"]
[Black "Pjatelin, Dmitrij"]
[Result "0-1"]
[WhiteElo "2408"]
[BlackElo "2136"]
[PlyCount "58"]
[EventDate "2008.04.18"]
[EventType "swiss"]
[EventRounds "9"]
[EventCountry "RUS"]
[SourceTitle "EXT 2022"]
[Source "ChessBase"]
[SourceDate "2021.10.06"]
[SourceVersion "1"]
[SourceVersionDate "2021.10.06"]
[SourceQuality "1"]

1. d4 Nf6 2. Nf3 b6 3. Bg5 Bb7 4. Nbd2 d5 5. e3 e6 6. c3 Be7 7. Bxf6 Bxf6 8. Bd3 Nd7 9. Qe2 c5 10. e4 dxe4 11. Nxe4 Be7 12. 0-0-0 Qc7 13. Kb1 h6 14. h4 0-0-0 15. Ba6 Kb8 16. Bxb7 Kxb7 17. d5 exd5 18. Rxd5 Nf6 19. Nxf6 Bxf6 20. Qe4 Rhe8 21. Qc4 Re7 22. g4 g6 23. Rhd1 Rxd5 24. Rxd5 Qc6 25. Qd3 Kc7 26. g5 hxg5 27. hxg5 Bg7 28. Qc4 Rd7 29. Rxd7+ Qxd7 0-1